Automatic Subway Stations - Statistics

General Stats
  • This quiz has been taken 9 times
  • The average score is 17 of 18
Answer Stats
Line Station % Correct
1 Electron Aerospace Tower
100%
EST Electron Aerospace Tower
100%
1 Ionaty Street
100%
1 Jade Bridge
100%
1 Meteor Lane
100%
1 National Museum
100%
EST National Museum
100%
1 Odyssea
100%
2 Odyssea
100%
1 Old Town
100%
2 Olympus Square
100%
1 Ophylea Park
100%
2 Ophylea Park
100%
1 Shipley Avenue
100%
EST Grand Aquarium
80%
EST Iton Airport
80%
2 Myosotis Door
80%
EST Astronomy Station
40%
No matching quizzes found
Score Distribution
Percent of People with Each Score
Percentile by Number Answered
Your Score History
You have not taken this quiz